Statistics for 12 busiest domestic passenger air routes in the world

Click here to take the quiz!

General Stats

  • This quiz has been taken 158 times
  • The average score is 15 of 20

Answer Stats

Distance between cities# of passengersCity% Correct
780 km / 485 mi5.1 milHong Kong
95%
1075 km / 668 mi6.1 milBeijing
94%
Shanghai
94%
780 km / 485 mi5.1 milTaipei
92%
819 km / 509 mi7.8 milTokyo
89%
405 km / 252 mi6.7 milOsaka
85%
1150 km / 715 mi7.3 milDelhi
83%
Mumbai
81%
450 km / 280 mi11.1 milSeoul-Gimpo
81%
706 km / 439 mi7.2 milSydney
81%
Melbourne
80%
800 km / 497 mi4.5 milBrisbane
78%
Sapporo
74%
Rio de Janeiro
69%
366 km / 227 mi7.7 milSão Paulo
66%
Jeju
58%
Cape Town
55%
1271 km / 790 mi4.4 milJohannesburg
54%
883 km / 549 mi7.6 milFukuoka
53%
1554 km / 966 mi4.6 miOkinawa
38%

Score Distribution

Percentile by Number Answered

Percent of People with Each Score

Your Score History

You have not taken this quiz